Growth of kolkata: (Record no. 192377)

MARC details
000 -LEADER
fixed length control field 00541nam a22001817a 4500
010 ## - LCCN (DPL NO)
LC control number ENG-135139
020 ## - INTERNATIONAL STANDARD BOOK NUMBER
Terms of availability 500.00
International Standard Book Number 9789382623663
035 ## - SYSTEM CONTROL NUMBER
System control number EN-118671
037 ## - SOURCE OF ACQUISITION
Source of stock number/acquisition DBAD / PUB
082 ## - DEWEY DECIMAL CLASSIFICATION NUMBER
Classification number 954.52
100 ## - MAIN ENTRY--PERSONAL NAME
Personal name Mukhopadhyay,Srinwanti
245 ## - TITLE STATEMENT
Title Growth of kolkata:
Statement of responsibility, etc by Srinwanti Mukhopadhyay
Remainder of title an ecological disaster/
260 ## - PUBLICATION, DISTRIBUTION, ETC. (IMPRINT)
Name of publisher, distributor, etc Readers service
Date of publication, distribution, etc 2016
Place of publication, distribution, etc Kolkata
270 ## - ADDRESS
City Kolkata
Address 59/5A,Garfa Main Road,
Postal code 700075
300 ## - PHYSICAL DESCRIPTION
Extent 144p.
Dimensions 22cm(Hb)
650 ## - SUBJECT ADDED ENTRY--TOPICAL TERM
Topical term or geographic name as entry element Sikhism
942 ## - ADDED ENTRY ELEMENTS (KOHA)
Source of classification or shelving scheme Dewey Decimal Classification
Item type English Books
Call number suffix MUK
Classification part 954.52
Holdings
Withdrawn status Lost status Not for loan Collection code Home library Current library Date acquired Source of acquisition Cost, normal purchase price Full call number Barcode Copy number Cost, replacement price Koha item type
      Non-fiction Bawana Bawana 20/09/2022 DBAD/PUB 500.00 954.52 MUK EN-118671 1 500.00 English Books

© Delhi Public Library
Hit Counter
free hit counter